LAS FOTOS DE SARA (Registro nro. 68485)
[ vista simple ]
| 000 -LEADER | |
|---|---|
| fixed length control field | 00262nac a2200097zu 4500 |
| 008 - FIXED-LENGTH DATA ELEMENTS--GENERAL INFORMATION | |
| fixed length control field | 260114b1999 sp a|||br|||| 000 0 spa d |
| 245 ## - TITLE STATEMENT | |
| Title | LAS FOTOS DE SARA |
| 260 ## - PUBLICATION, DISTRIBUTION, ETC. | |
| Place of publication, distribution, etc. | ESPAÑA: |
| Name of publisher, distributor, etc. | EDICIONES DESTINO1999 |
| Date of publication, distribution, etc. | 1999 |
| 300 ## - PHYSICAL DESCRIPTION | |
| Extent | 38 páginas; |
| Dimensions | 28 X 21 cm |
| 942 ## - ADDED ENTRY ELEMENTS (KOHA) | |
| Source of classification or shelving scheme | Dewey Decimal Classification |
| Koha item type | General Infantil |
| Withdrawn status | Lost status | Source of classification or shelving scheme | Damaged status | Not for loan | Collection code | Home library | Current library | Date acquired | Source of acquisition | Total Checkouts | Full call number | Date last seen | Price effective from | Koha item type |
|---|---|---|---|---|---|---|---|---|---|---|---|---|---|---|
| Material Descartado | Dewey Decimal Classification | Material No Para Préstamo | General Infantil | BIBLIOTECA PÚBLICA CENTRAL ESTATAL “FRANCISCO CERVANTES” | BIBLIOTECA PÚBLICA CENTRAL ESTATAL “FRANCISCO CERVANTES” | 01/14/2026 | DONADO | 821 E14 | 01/14/2026 | 01/14/2026 | General Infantil |